Catalog

Record Details

Catalog Search



Available copies

  • 2 of 2 copies available at LARL/NWRL Consortium. (Show)
  • 2 of 2 copies available at Lake Agassiz Regional Library.

Current holds

0 current holds with 2 total copies.

Show Only Available Copies
Location Call Number / Copy Notes Barcode Shelving Location Status Due Date
Ada Public Library M HAN (Text) 33500014295018 New Available -
Gonvick LINK Site M HAN (Text) 33500014295026 New Available -

Record details

  • ISBN: 9780063424517
  • ISBN: 0063424517
  • Physical Description: 274 pages ; 24 cm.
  • Edition: First edition.
  • Publisher: New York, NY : William Morrow, an imprint of HarperCollinsPublishers, [2025]

Content descriptions

General Note:
"Agatha Christie"--Cover.
Summary, etc.:
On New Year’s Eve, 1932, Hercule Poirot and ... Read More
Subject: Poirot, Hercule (Fictitious character) > Fiction.
Private investigators > Fiction.
Murder > Investigation > Fiction.
New Year > Fiction.
Promises > Fiction.
Islands > Greece > Fiction.
Greece > Fiction.
Genre: Detective and mystery fiction.
Historical fiction.
LDR 02597cam a2200541 i 4500
001465753
003LARL_NWRL_CONSORTIUM
00520251030211311.0
008251014t20252025nyu 000 1 eng d
040 . ‡aIG# ‡beng ‡erda ‡cIG# ‡dOCLCO ‡dGO6 ‡dOCO
020 . ‡a9780063424517 ‡q(hardcover)
020 . ‡a0063424517 ‡q(hardcover)
035 . ‡a(OCoLC)1545127840
043 . ‡ae-gr---
08204. ‡a823/.914 ‡223/eng/20251014
1001 . ‡aHannah, Sophie, ‡d1971- ‡eauthor. ‡1https://id.oclc.org/worldcat/entity/E39PBJvH9Tt9t48GrBCWKd7j4q ‡0(LARL_NWRL_CONSORTIUM)204160
24514. ‡aThe last death of the year / ‡cSophie Hannah.
250 . ‡aFirst edition.
264 1. ‡aNew York, NY : ‡bWilliam Morrow, an imprint of HarperCollinsPublishers, ‡c[2025]
264 4. ‡c©2025
300 . ‡a274 pages ; ‡c24 cm.
336 . ‡atext ‡btxt ‡2rdacontent
337 . ‡aunmediated ‡bn ‡2rdamedia
338 . ‡avolume ‡bnc ‡2rdacarrier
4900 . ‡aNew Hercule Poirot mystery ; ‡v6
500 . ‡a"Agatha Christie"--Cover.
520 . ‡aOn New Year’s Eve, 1932, Hercule Poirot and Inspector Edward Catchpool travel to the Greek island of Lamperos to celebrate the holiday with a small group of residents living in a crumbling house. During a game of New Year’s resolutions, one guest writes a disturbing message predicting a death before the year’s end. When a murder occurs soon after, Poirot reveals that he and Catchpool came to the island to prevent another possible killing. Together, they must uncover the truth before more lives are lost.
60010. ‡aPoirot, Hercule ‡c(Fictitious character) ‡vFiction.
650 0. ‡aPrivate investigators ‡vFiction. ‡0(LARL_NWRL_CONSORTIUM)166580
650 0. ‡aMurder ‡xInvestigation ‡vFiction. ‡0(LARL_NWRL_CONSORTIUM)166203
650 0. ‡aNew Year ‡vFiction.
650 0. ‡aPromises ‡vFiction.
650 0. ‡aIslands ‡zGreece ‡vFiction.
651 0. ‡aGreece ‡vFiction. ‡0(LARL_NWRL_CONSORTIUM)168484
655 7. ‡aDetective and mystery fiction. ‡2lcgft
655 7. ‡aHistorical fiction. ‡2lcgft
7001 . ‡aChristie, Agatha, ‡d1890-1976. ‡1https://id.oclc.org/worldcat/entity/E39PCjHyj9hfGTHMJmMhbmgf4m ‡0(LARL_NWRL_CONSORTIUM)2142
901 . ‡a465753 ‡bOCoLC ‡c465753 ‡tbiblio ‡soclc

Additional Resources